21. celoštátny slnečný seminár Stará Turá /
Uložené v:
| Korporatívny autor: | |
|---|---|
| Ďalší autori: | |
| Médium: | Elektronický zdroj |
| Jazyk: | Slovak English Czech |
| Vydané: |
Hurbanovo :
Slovenská ústredná hvezdáreň,
2012.
|
| ISBN: |
9788085221749 |
| Fyzický popis: |
1 CD-ROM ; 12 cm. |
| Tagy: |
Pridať tag
Žiadne tagy, Buďte prvý kto otaguje tento záznam!
|
Titul je dostupný aj v ... 

MARC
| LEADER | 00000nmm a2200000 a 4500 | ||
|---|---|---|---|
| 001 | 000417199 | ||
| 003 | SVKKK | ||
| 005 | 20130315123622.0 | ||
| 008 | 111019s2012 xo slo#d | ||
| 020 | |a 9788085221749 | ||
| 040 | |a SVKKK |b slo |c SVKKK |e AACR2 | ||
| 041 | 0 | |a slo |a eng |a cze | |
| 044 | |a xo |c SK | ||
| 080 | |a 523 |2 2001 | ||
| 111 | 2 | |a Celoštátny slnečný seminár |n 21 |d 2012 |c Stará Turá, Slovensko | |
| 245 | 1 | 0 | |a 21. celoštátny slnečný seminár Stará Turá / |h elektronický zdroj |c Zostavil I. Dorotovič. |
| 260 | |a Hurbanovo : |b Slovenská ústredná hvezdáreň, |c 2012. | ||
| 300 | |a 1 CD-ROM ; |c 12 cm. | ||
| 500 | |a Zborník referátov | ||
| 700 | 1 | |a Dorotovič, Ivan |4 com | |
| 910 | |a svkkk | ||
| 919 | |a 978-80-85221-74-9 | ||
| 998 | |a ER | ||
| 090 | |g SCKHL |k Konzultanti |a CDA.3458 |j 5764 |i 2720268681 |s Príručka / Študovňa | ||
| 924 | |a AVM | ||